Alicia en el país de las maravillas / (Registro nro. 12188)

Detalles MARC
000 -LIDER
fixed length control field 00762nam a22002417a 4500
003 - IDENTIFICACDOR DE NÚMERO DE CONTROL
control field DO-SdBNP
005 - DATE AND TIME OF LATEST TRANSACTION
control field 20231123082742.0
008 - ELEMENTOS DE LONGITUD FIJA
fixed length control field 161130b1997 sp a| 00| 0 spa d
020 ## - ISBN
International Standard Book Number 847297412x
040 ## - FUENTE DE CATALOGACIÓN
Agencia que crea de manera original el registro BPMSU
Idioma de catalogación spa
Agencia que realiza la transcripción BPMSU
082 #4 - NÚMERO DE CLASIFICACIÓN DECIMAL DE DEWEY
Classification number 823
Item number B979a 1997
Edition number 22
245 1# - MENCIÓN DE TITULO
Título Alicia en el país de las maravillas /
Mención de responsabilidad versión e ilustraciones de Carlos Busquets, Laura Garcia Corella
246 14 - VARIACION DEL TÍTULO
Institución que aplica el campo Alicia
260 ## - PUBLICACIÓN, DISTRIBUCIÓN, ETC. (PIE DE IMPRENTA)
Lugar de publicación, distribución, etc España :
Nombre del editor, distribuidor, etc. Saldaña,
Fecha de publicación, distribución, etc 1997.
300 ## - DESCRIPCIÓN FÍSICA
Extensión 34 p. :
Otros detalles físicos il., ;
Dimensiones 32 cm.
490 0# - MENCIÓN DE SERIES
Mención de serie Romantica,
Volume/sequential designation 1
590 ## - NOTA LOCAL
Texto de la nota local Inventariado, 2023/VM
650 #4 - ENCABEZAMIENTO DE MATERIA--TEMÁTICO
Término temático o nombre geográfico como elemento de entrada Cuentos infantiles ingleses
650 #4 - ENCABEZAMIENTO DE MATERIA--TEMÁTICO
Término temático o nombre geográfico como elemento de entrada Literatura infantil inglesa
700 1# - ASIENTO SECUNDARIO -- NOMBRE PERSONAL
Nombre personal Garcia Corella, Laura
Mención de responsabilidad
910 ## - VALIDACIÓN
Validación BTAVÁREZ/VMateo V. Control de calidad. BPMSU
942 ## - ADDED ENTRY ELEMENTS (KOHA)
Source of classification or shelving scheme Dewey Decimal Classification
Koha item type Libros
Existencias
Withdrawn status Lost status Source of classification or shelving scheme Damaged status Not for loan Collection code Home library Current library Date acquired Source of acquisition Total Checkouts Full call number Barcode Date last seen Price effective from Koha item type
    Dewey Decimal Classification     Colección Infantil General Biblioteca Pública Metropolitana Salomé Ureña Biblioteca Pública Metropolitana Salomé Ureña 11/30/2016 FUNDI   BPMSU CGI 823 B979a 1997 BPMSU16111690 11/30/2016 11/30/2016 Libros